| 000 | 00922nam a2200253Ia 4500 | ||
|---|---|---|---|
| 003 | OSt | ||
| 005 | 20220923215127.0 | ||
| 006 | a|||||r|||| 00| 0 | ||
| 007 | ta | ||
| 008 | 220922b |||||||| |||| 00| 0 hin d | ||
| 024 | _a175,838 | ||
| 037 | _cTextual | ||
| 040 |
_aARTS _cARTS _bhin |
||
| 041 |
_2hin _ahin |
||
| 082 | _aO152,1:g(Q2:22), M2 | ||
| 100 |
_aनूरजहां _9156280 |
||
| 245 | 0 | _aपुराख्यान का आधुनिक हिन्दी ग्रंथ काव्यों पा प्रभाव | |
| 246 | _aPurākhyān kā ādhunik hindī grantha kāvyoan pā prabhāva | ||
| 260 |
_aमथुरा _b जवाहर पुस्तकालय _c1982 |
||
| 300 |
_a455 पृ. _ccm. |
||
| 650 |
_aहिन्दी साहित्य _9156264 |
||
| 942 |
_hO152,1:g(Q2:22), M2 _cTEXL _2CC |
||
| 999 |
_c329517 _d329517 |
||